ARRUPE JESUIT UNIVERSITY

CORONAVIRUS -STOP THE SPREAD - CLEAN,DISINFECT,COVER

War and Politics in Zimbabwe 1840-1900 (Record no. 18854)

MARC details
000 -LEADER
fixed length control field 00436nam a2200181Ia 4500
003 - CONTROL NUMBER IDENTIFIER
control field 0100
005 - DATE AND TIME OF LATEST TRANSACTION
control field 20190322094028.0
008 - FIXED-LENGTH DATA ELEMENTS--GENERAL INFORMATION
fixed length control field 130303s9999 xx 000 0 und d
040 ## - CATALOGING SOURCE
Transcribing agency ARRUPELIB
050 ## - LIBRARY OF CONGRESS CALL NUMBER
Classification number SPC. DT962.7.B33 1986
300 ## - PHYSICAL DESCRIPTION
Dimensions 23cm.
100 ## - MAIN ENTRY--PERSONAL NAME
Personal name Beach, D.N
9 (RLIN) 15747
245 ## - TITLE STATEMENT
Title War and Politics in Zimbabwe 1840-1900
Statement of responsibility, etc D.N. Beach
260 ## - PUBLICATION, DISTRIBUTION, ETC. (IMPRINT)
Place of publication, distribution, etc Gweru
Name of publisher, distributor, etc Mambo Press
Date of publication, distribution, etc 1986
300 ## - PHYSICAL DESCRIPTION
Extent 165p. ;
651 ## - SUBJECT ADDED ENTRY--GEOGRAPHIC NAME
Geographic name Zimbabwe
General subdivision History
Chronological subdivision 1890-1923
9 (RLIN) 45294
942 ## - ADDED ENTRY ELEMENTS (KOHA)
Source of classification or shelving scheme Library of Congress Classification
Koha item type Monograph ( Printed materials)
Holdings
Withdrawn status Lost status Source of classification or shelving scheme Damaged status Not for loan Collection code Home library Current library Shelving location Date acquired Total Checkouts Full call number Barcode Date last seen Copy number Price effective from Koha item type Date checked out
    Library of Congress Classification     Main Collection ARRUPE LIBRARY ARRUPE LIBRARY Main Collection 04/03/2013   DT962.7.B33 1986 46600004254 07/12/2017 1 04/03/2013 Monograph ( Printed materials)  
    Library of Congress Classification     Main Collection ARRUPE LIBRARY ARRUPE LIBRARY Main Collection 04/03/2013 3 DT962.7.B33 1986 46003091121 23/04/2019 2 04/03/2013 Monograph ( Printed materials) 19/03/2019
    Library of Congress Classification     SPECIAL Collection ARRUPE LIBRARY ARRUPE LIBRARY REFERENCE 19/05/2014   SPC. DT962.7.B33 1986 46500000767 19/05/2014 3 19/05/2014 SPC  
    Library of Congress Classification     SPECIAL Collection ARRUPE LIBRARY ARRUPE LIBRARY REFERENCE 04/03/2015   SPC. DT962.7.B33 1986 46004004647 04/03/2015   04/03/2015 SPC  

 

Arrupe Library. PO Box MP320 Mt Pleasant, Harare, Zimbabwe
263 242 745411|librarian@aju.ac.zw